Indian philosophy and meditation : Perspectives on Consciousness (Record no. 22765)
[ view plain ]
| 000 -LEADER | |
|---|---|
| fixed length control field | 00613cam a2200217 i 4500 |
| 020 ## - INTERNATIONAL STANDARD BOOK NUMBER | |
| ISBN | 9781138308978 (hardback) |
| 082 00 - DEWEY DECIMAL CLASSIFICATION NUMBER | |
| Classification number | 181.4 |
| Author Cutter | BAN |
| 100 1# - MAIN ENTRY--AUTHOR NAME | |
| Author name | Banerjee, Rahul, |
| 245 00 - TITLE STATEMENT | |
| Title | Indian philosophy and meditation : Perspectives on Consciousness |
| 260 ## - PUBLICATION, DISTRIBUTION, ETC. (IMPRINT) | |
| Place of publication | NewYork |
| Name of publisher | Routledge |
| Year of publication | 2018 |
| 300 ## - PHYSICAL DESCRIPTION | |
| Number of Pages | xvi, 147 pages ; |
| 490 0# - SERIES STATEMENT | |
| Series statement | Routledge studies in Asian religion and philosophy ; |
| 500 ## - GENERAL NOTE | |
| General note | Includes index. |
| 650 #0 - SUBJECT ADDED ENTRY--TOPICAL TERM | |
| Topical Term | Consciousness. |
| 650 #0 - SUBJECT ADDED ENTRY--TOPICAL TERM | |
| Topical Term | Philosophy, Indic. |
| 650 #0 - SUBJECT ADDED ENTRY--TOPICAL TERM | |
| Topical Term | Meditation |
| 942 ## - ADDED ENTRY ELEMENTS (KOHA) | |
| Koha item type | Books |
| 700 1# - | |
| -- | Banerjee, Rahul, |
| 700 1# - | |
| -- | Chatterjee, Amita, |
| Home library | Current library | Shelving location | Date acquired | Full call number | Accession Number | Koha item type |
|---|---|---|---|---|---|---|
| Henry Martyn Institute Library | Henry Martyn Institute Library | General stacks | 10/21/2019 | 181.4 BAN | 25647 | Books |
